| 000 | 00575cab a2200217 4500 | ||
|---|---|---|---|
| 001 | X97804 | ||
| 008 | 090401t1999 xxu||||| |||| 00| 0 eng d | ||
| 035 | _a(Sirsi) u92486 | ||
| 041 | _aeng | ||
| 245 | _aSkerrits v SoS | ||
| 260 | _c1999 | ||
| 350 | _a0 | ||
| 490 |
_aNew Property Cases _v[1999] NPC 37 (27/03/1999) |
||
| 650 | _aCURTILAGE | ||
| 650 | _aENFORCEMENT NOTICE | ||
| 650 | _aPLANNING (LISTED BUILDINGS AND CONSERVATION AREAS) ACT 1990 | ||
| 650 | _aSKERRITS V SOS | ||
| 690 | _aPLANNING LAW AND PRACTICE-CASE LAW | ||
| 942 | _n0 | ||
| 948 | _c01/04/1999 | ||
| 999 |
_c58634 _d58634 |
||